[Event "Kuwait Amateur Group A"]
[Site "Kuwait"]
[Date "2017.11.12"]
[Round "8.4"]
[White "Bitaga, Larry"]
[Black "Khalid, Lodhi"]
[Result "0-1"]
[WhiteElo "1534"]
[BlackElo "1668"]
[PlyCount "52"]
[EventDate "2017.11.05"]
[EventType "swiss"]
[EventRounds "9"]
[EventCountry "KUW"]
[SourceTitle "EXT 2024"]
[Source "ChessBase"]
[SourceDate "2023.10.10"]
[SourceVersion "1"]
[SourceVersionDate "2023.10.10"]
[SourceQuality "1"]

1. e4 e5 2. Bc4 Nf6 3. d3 c6 4. a3 Bc5 5. c3 d5 6. exd5 cxd5 7. Ba2 0-0 8. h3 Nc6 9. Ne2 Be6 10. a4 a5 11. Be3 Bxe3 12. fxe3 Nh5 13. 0-0 Qg5 14. Qd2 Rad8 15. Kh2 f5 16. Na3 Rf6 17. Rf2 Kh8 18. Nb1 f4 19. exf4 exf4 20. Rf3 Ne5 21. Qe1 Nxf3+ 22. gxf3 Qf5 23. Ng1 Rg6 24. Qh4 Re8 25. Na3 Qxd3 26. Re1 Qf5 0-1